• 首页
  • 本馆介绍
  • 公告通知
  • 最新文献
  • 馆藏检索
  • 电子资源
  • 读者导购
  • 参考咨询
  • 我的图书馆
  • 登录
  • 详细信息显示
  • 放入我的书架
  • 预约/预借图书
  • 作者相关作品
  • 分类相关作品
  • 丛书相关作品
  • 出版社相关作品

书目信息

  • 表格格式
  • 工作单格式
  • 卡片格式
题名:
中国共产党历史讲话
    
 
作者: 徐元冬 著
分册:  
出版信息: 北京   中国青年出版社  1980.6
页数: 408页
开本: 20cm
丛书名:
单 册:
中图分类: D23
科图分类:
主题词: 中国共产党
电子资源:
ISBN:
000 00588nam0 2200205 45
001 0205281046
005 20060721095432.56
010    @dCNY0.90
100    @a20020528d1980 km y0chiy0120 ea
101 0  @achi
105    @ay z 000yy
200 1  @a中国共产党历史讲话@AZhong Guo Gong Chan Dang Li Shi Jiang Hua@f徐元冬等著@FXu Yuan Dong Deng Zhu
205    @a1981年6月北京第二版
210    @a北京@c中国青年出版社@d1980.6
215    @a408页@d20cm
606 0  @a中国共产党
690    @aD23@v3
701  0 @a徐元冬@4著
801    @aCN@bTSTC@c20060721
905    @dD23@e11@f1@b44766@f2@b44768-769
    
    中国共产党历史讲话/徐元冬等著.-1981年6月北京第二版.-北京:中国青年出版社,1980.6
    408页;20cm
    
    
    ISBN :CNY0.90
    
●
相关链接 在E读中查询图书 在五车中查询图书 在当当中查询图书 在豆瓣中查询图书


正题名:中国共产党历史讲话     索取号:D23/11         预约/预借

序号 登录号 条形码 馆藏地/架位号 状态 备注
1 0044766   000378399   密集书库/ [索取号:D23/11] 在馆    
2 0044767   001785223   密集书库/ [索取号:D23/11] 在馆    
3 0044768   000378415   密集书库/ [索取号:D23/11] 在馆    
4 0044769   000378406   第一样本阅览室/ [索取号:D23/11] 在馆    
5 0424258   204242587   密集书库/ [索取号:D23/11] 在馆    
6 0424419   204244193   密集书库/ [索取号:D23/11] 在馆    
7 0424420   204244200   密集书库/ [索取号:D23/11] 在馆    
8 0425005   204250050   密集书库/ [索取号:D23/11] 在馆    
9 0425006   204250069   密集书库/ [索取号:D23/11] 在馆    
10 0450097   204500977   密集书库/ [索取号:D23/11] 在馆    
唐山师范学院图书馆 欢迎您!
大连网信软件有限公司© 版权所有